Black Panther Quiz - Statistics

General Stats
  • This quiz has been taken 644 times
  • The average score is 4 of 11
Answer Stats
Hint Answer % Correct
What is Black Panther's Birthplace? Wakanda
97%
What is Black Panther's name/King of Wakanda? T'Challa
87%
What material is the suit made out of? Vibranium
77%
What was the first superhero team he joined? Avengers
61%
Black Panther's Creators? Stan Lee and Jack Kirby
22%
What was the second superhero team he joined, after beating them all individually? Fantastic Four
11%
Who killed Black Panther's father aka T'Chaka? Ulysses Klaw
10%
What college did Black Panther attend? Oxford University
7%
Who is Black Panther's Wife? Ororo Monroe/Storm
5%
What is Black Panther's son's name/future Black Panther? Azari
1%
What degree did he earn and in what subject? Ph.D in Physics
1%
No matching quizzes found
Score Distribution
Percent of People with Each Score
Percentile by Number Answered
Your Score History
You have not taken this quiz